[Event "SWE Cup rapid"]
[Site "Linkoping"]
[Date "2018.09.09"]
[Round "9.2"]
[White "Qwarfort, Bengt"]
[Black "Bjorkman, Filip"]
[Result "0-1"]
[WhiteElo "1768"]
[BlackElo "1904"]
[PlyCount "62"]
[EventDate "2018.09.07"]
[EventType "team-swiss (rapid)"]
[EventRounds "9"]
[EventCountry "SWE"]
[SourceTitle "CBM 186 Extra"]
[Source "ChessBase"]
[SourceDate "2018.08.24"]
[SourceVersion "1"]
[SourceVersionDate "2018.08.24"]
[SourceQuality "1"]
[WhiteTeam "Gusums"]
[BlackTeam "Vasteras"]
[WhiteTeamCountry "SWE"]
[BlackTeamCountry "SWE"]

1. a3 d5 2. e3 e5 3. d4 e4 4. c4 c6 5. Nc3 Nf6 6. cxd5 cxd5 7. Nge2 Bd6 8. Ng3 0-0 9. Be2 Nc6 10. 0-0 a6 11. Bd2 Be6 12. f4 exf3 13. Bxf3 Qd7 14. Na4 Qe7 15. b4 Bxg3 16. hxg3 Ne4 17. Bxe4 dxe4 18. Bc3 Bc4 19. Rf4 Rad8 20. Nb2 Bd5 21. Qe2 b5 22. Qh5 h6 23. Raf1 Qg5 24. Qh3 Be6 25. g4 Qd5 26. Be1 f6 27. Qh5 Qb3 28. Qc5 Qxe3+ 29. Kh1 Nxd4 30. Nd1 Qxa3 31. Bc3 Ne2 0-1